zpět

Detail výsledku týmu

The PUB Praha 6 , Praha

Datum a čas kvízu

21.5 Celkem bodů Celkový počet nahraných bodů na tomto kvízu bez doplňovacích otázek.
12. Pořadí na kvízu Konečné umístění týmu na tomto kvízu.

Zaznamenané odpovědi

# Otázka Odpověď Body Výsledky
1. Jak se nazývá státní vyznamená... Řád Tomáše Garrigua Masaryka (1. třídy) 0
2. Farmáři z australského Nového... borůvka 0
3. Jak se nazývá soutěžní reality... Peče celá země 0
4. Automobilka Škoda představila... Epiq 0
5. Minulý týden se stala jedna ne... Jaromír Jágr 1
6. Téma začneme v Evropě. Seřaďte... 1B 2C 3D 4A 0
7. Vůdcem Kuby byl několik deseti... Raúl 1
8. Jak se jmenuje tento živočich... fosa 0
9. Celkově kolikátou nejlidnatějš... 4. nejlidnatější 0
10. Jak se jmenuje ostrovní stát,... Maledivy 1